Регионална библиотека "Любен Каравелов" - Русе

Баба и дядо за първи път (Запис номер 492102)

MARC детайли
000 -Лидер
Контролно поле с фиксирана дължина 01547nam a2200301 a 4500
003 - Код на организацията, давaща контролен номер
Контролно поле BLK
005 - Дата и час на последна редакция
Контролно поле 20250117114008.0
008 - Елементи от данни с фиксирана дължина
fixed length control field 180411b bul|||||r ||||||| ||bul||
020 ## - Международен стандартен номер на книга ISBN
Международен стандартен номер на книга ISBN 9786192401368
040 ## - Източник на каталожния запис
Идентификатор на билиотеката - собственик на записа BLK
041 ## - Код за език
Код за езика на текст/звукозапис или на отделно заглавие Български
Код за езика КДБФ Български
080 ## - УДК
Текстов определител УДК Основни форми на възпитание и образование
УДК код - определител по УДК 37.018
УДК - код + определител 37.018
080 ## - УДК
Текстов определител УДК Психология на детската възраст. Интелектуално развитие на децата. Психически особености. Детски представи, описани в разкази
УДК код - определител по УДК 159.922.7
УДК - код + определител 159.922.7
100 ## - Редна дума - Автор
Автор Котино, Каролин
Авторска отговорност първи автор
R(LIN) 488005
139 ## - Редно поле
Редна дума Котино, Каролинк
Авторски знак Кот - К 87
245 10 - Сведения за заглавието
Заглавие Баба и дядо за първи път
Подзаглавни данни Ръководството, което всички баби и дядовци очакваха
Редно поле (дума) Каролин Котино ; прев. Райна Ковачева.
260 ## - Област на издателските данни
Място на издаване, разпространение и проч. София
Име на издателя, разпространителя и проч. ПАН
Година на издаване 2019
Печатница София : Инвестпрес
300 ## - Физическа характеристика
Страници 176
Илюстрации и др. с ил.
Размери/Мащаб 20 см
380 ## - Жанр
Жанр Обществени науки
500 ## - Общи забележки
Забележка Ориг. загл.: Grands-parents débutants / Caroline Cotinaud.
650 #0 - Допълнително описание по предмет – тема
9 (RLIN) 242467
Основно описание – тема или топоним Деца - отглеждане и възпитание
650 #7 - Допълнително описание по предмет – тема
9 (RLIN) 153033
Основно описание – тема или топоним Детска и педагогическа психология
700 ## - Други автори (авторска отговорност)
Лично име Ковачева, Райна Атанасова
Автороска отговорност (Описва отношението между автора и произведението) прев.
9 (RLIN) 442427
852 ## - Местоположение
Форматна сигнатура Цб 318202
Фондова буква Хранилище
942 ## - АРТИКУЛИ
Вид на библиотечния материал Книги
Скрит в OPAC Не
Периодичен библиозапис Да
944 ## - СЪЗДАВАНЕ И РЕДАКЦИЯ на ЗАПИСА
Създаване/Редакция Създаване
Служител, извършил регистрацията/редакцията 30545
Статус, дата на статуса Нора Радева
999 ## - СИСТЕМНИ КОНТРОЛНИ НОМЕРА
Koha biblionumber 492102
Koha biblioitemnumber 492102
999 ## - СИСТЕМНИ КОНТРОЛНИ НОМЕРА
Koha biblioitemnumber 492102
Наличности
Код за отписване Код за изгубен артикул Източник на класификационната схема Код за повреда Коз за рестрикции Код за отдаване Артикулен № Име на библиотеката - собственик Име на библиотеката, в която се намира в момента Статус (Текущо местоположение) Дата на вписване в системата Местоположение - отдел Цена в лева Инвентарен номер Систематично азбучна сигнатура Баркод Цена в евро Служебен тип на артикула
  Не е изгубен Universal Decimal Classification Не е повреден само за читалня ползва се в читалня 929447 Регионална библиотека "Любен Каравелов" Русе Регионална библиотека "Любен Каравелов" Русе Хранилище 2023-07-11 Хранилище 8.90 120000888983 Цб 318202 120000888983 4.55 Книги
  Не е изгубен Universal Decimal Classification Не е повреден   заемане за дома 959571 Регионална библиотека "Любен Каравелов" Русе Регионална библиотека "Любен Каравелов" Русе Заемна - подръчен фонд 2025-01-29 Заемна - подръчен фонд 6.23 120000917235 37.018/К 87 К 120000917235 3.19 Книги
Vip Innovations Ltd, Rousse, Bulgaria 2025